| 000 | 00586nam a2200181Ia 4500 | ||
|---|---|---|---|
| 008 | 090123s9999 xx 000 0 und d | ||
| 082 |
_b38685 _a891.463/देशमुख |
||
| 100 | _aदेशमुख भास्कर | ||
| 245 | _aबीज उद्याची | ||
| 250 | _a1 | ||
| 260 |
_bसुपर्ण प्रकाशन _c2005 |
||
| 300 | _a288 | ||
| 600 | _aदेशमुख भास्कर | ||
| 630 | _aबीज उद्याची | ||
| 700 | _aदेशमुख भास्कर | ||
| 730 | _aबीज उद्याची | ||
| 942 | _cBOOK | ||
| 999 |
_c76762 _d76762 |
||